000 00772nam a2200253Ia 4500
003 OSt
005 20221005062207.0
006 a|||||r|||| 00| 0
007 ta
008 221004b |||||||| |||| 00| 0 eng d
020 _a9780415721189 (hbk)
_c8974.79
024 _a24678
037 _b1055, 29/12/2015, Bright Book Service
_cTextual
040 _aCRL
_cCRL
_beng
041 _2eng
_aeng
082 _aV461:3(Q).P1, Q5
100 _aHaseeb Khair El-Din Ed.
245 0 _aState and religion in the arab world
260 _aLondon
_bRoutledge UK
_c2015
300 _aix, 311p.
_ccm.
650 _aHISTORY
942 _hV461:3(Q).P1, Q5
_cTEXL
_2cc
999 _c969340
_d969340